Practical Book of Pharmacology-II (Record no. 13798)

MARC details
000 -LEADER
fixed length control field 00457nam a22001937a 4500
003 - CONTROL NUMBER IDENTIFIER
control field OSt
008 - FIXED-LENGTH DATA ELEMENTS--GENERAL INFORMATION
fixed length control field 260122b |||||||| |||| 00| 0 eng d
020 ## - INTERNATIONAL STANDARD BOOK NUMBER
International Standard Book Number 9789390596546
082 ## - DEWEY DECIMAL CLASSIFICATION NUMBER
Classification number 615.1 GAP
100 ## - MAIN ENTRY--PERSONAL NAME
Personal name Gautam, Rupesh.K
245 ## - TITLE STATEMENT
Title Practical Book of Pharmacology-II
250 ## - EDITION STATEMENT
Edition statement 3rd
260 ## - PUBLICATION, DISTRIBUTION, ETC. (IMPRINT)
Place of publication, distribution, etc N.Delhi
Name of publisher, distributor, etc Nirali
Date of publication, distribution, etc 2023
300 ## - PHYSICAL DESCRIPTION
Extent 34
650 ## - SUBJECT ADDED ENTRY--TOPICAL TERM
Topical term or geographic name as entry element Pharmacology-II
700 ## - ADDED ENTRY--PERSONAL NAME
Personal name Goyal, Swapnil
700 ## - ADDED ENTRY--PERSONAL NAME
Personal name Saini, Vipan
942 ## - ADDED ENTRY ELEMENTS (KOHA)
Source of classification or shelving scheme Dewey Decimal Classification
Koha item type Text Books
Holdings
Withdrawn status Lost status Source of classification or shelving scheme Damaged status Not for loan Collection code Home library Current library Date acquired Source of acquisition Currency Cost, normal purchase price Bill Number Total Checkouts Full call number Acc. no. / Barcode Date last seen Actual Cost, discounted price Bill Date Koha item type
    Dewey Decimal Classification     B.Pharma PIET C-LIBRARY PIET C-LIBRARY 08/01/2026 Zafaa Books Distributres Indian Rup 50.00 ZBD0374   615.1 GAP BP2906 22/01/2026 37.50 04/01/2026 Reference Books
    Dewey Decimal Classification     B.Pharma PIET C-LIBRARY PIET C-LIBRARY 08/01/2026 Zafaa Books Distributres Indian Rup 50.00 ZBD0374   615.1 GAP BP2907 22/01/2026 37.50 04/01/2026 Text Books
    Dewey Decimal Classification     B.Pharma PIET C-LIBRARY PIET C-LIBRARY 08/01/2026 Zafaa Books Distributres Indian Rup 50.00 ZBD0374   615.1 GAP BP2908 22/01/2026 37.50 04/01/2026 Text Books
    Dewey Decimal Classification     B.Pharma PIET C-LIBRARY PIET C-LIBRARY 08/01/2026 Zafaa Books Distributres Indian Rup 50.00 ZBD0374   615.1 GAP BP2909 22/01/2026 37.50 04/01/2026 Text Books
    Dewey Decimal Classification     B.Pharma PIET C-LIBRARY PIET C-LIBRARY 08/01/2026 Zafaa Books Distributres Indian Rup 50.00 ZBD0374   615.1 GAP BP2910 22/01/2026 37.50 04/01/2026 Text Books

Design & Developed by: PIET Central Library
R70 Miles Stone Pattikalyana Samalkha Panipat 132102
mail ID :- [email protected], Phone No:- 0180-2569700 Ex.216